000 00456nam a22001817a 4500
003 MPLRDC
005 20220104113710.0
008 210129b ||||| |||| 00| 0 eng d
020 _a957-529-546-3
082 _a428.8 DOM-2
100 _aGLENN DOMAN等著
245 _a如何教宝宝百科知识
_c吴由美译
250 _a初版
260 _a台湾
_b世茂出版社
_c1998
300 _b234
650 _a创作活动
942 _cBK
_o428.8 DOM-2
999 _c1659
_d1649